00640cam a2200181 a 4500020001500000082001200015100002200027245004100049260003100090300004600121650001500167700002100182856006600203856006600269942000700335999001500342952010100357 a047187053600a540 BON1 aBodner, George M.10aChemistry, an experimental science / aNew York :bWiley,cc1989. axvii, 1039, [58] p. :bill. (some col.) ; 0aChemistry.1 aPardue, Harry L.42uhttp://www.loc.gov/catdir/enhancements/fy0668/88027910-d.html41uhttp://www.loc.gov/catdir/enhancements/fy0668/88027910-t.html cBK c3818d3818 0010708NFICaMLCampusbMLCampuscGENd2016-12-26l0o540 BODp000858r2016-12-26 00:00:00yREF